Przejdź do treści

Аспирационные системы пожарной сигнализации учебное пособие

Изложен материал, касающийся раннего определения признаков возникновения и развития пожара. Представлено описание способов раннего приборного детектирования признаков горения. Приведено описание конструкций, основных характеристик, способов применения, методов монтажа, контроля и технического обслуж...

Szczegółowa specyfikacja

Zapisane w:
Opis bibliograficzny
1. autor: Пахомов А. Н.
Kolejni autorzy: Гатапова Н. Ц., Пахомова Ю. В.
Format: Книга
Język:Russian
Wydane: Тамбов ТГТУ 2021
Dostęp online:https://e.lanbook.com/book/320540
https://e.lanbook.com/img/cover/book/320540.jpg
Etykiety: Dodaj etykietę
Nie ma etykietki, Dołącz pierwszą etykiete!
LEADER 02697nam0a2200301 i 4500
001 320540
003 RuSpLAN
005 20240216150941.0
008 240216s2021 ru gs 000 0 rus
020 |a 978-5-8265-2425-1 
040 |a RuSpLAN 
041 0 |a rus 
044 |a ru 
080 |a 331.4(076) 
084 |a П12я73  |2 rubbk 
245 0 0 |a Аспирационные системы пожарной сигнализации  |b учебное пособие  |c Пахомов А. Н.,Гатапова Н. Ц.,Пахомова Ю. В. 
260 |a Тамбов  |b ТГТУ  |c 2021 
300 |a 84 с. 
504 |a Библиогр.: доступна в карточке книги, на сайте ЭБС Лань 
520 8 |a Изложен материал, касающийся раннего определения признаков возникновения и развития пожара. Представлено описание способов раннего приборного детектирования признаков горения. Приведено описание конструкций, основных характеристик, способов применения, методов монтажа, контроля и технического обслуживания аспирационных систем пожарной сигнализации. Рассмотрены различные типовые решения построения системы пожарной сигнализации на основе решений ведущих фирм-производителей аспирационных извещателей. Представлены решения по размещению аспирационной системы пожарной сигнализации на реальном объекте. Предназначено для студентов 3 курса направления подготовки 28.07.00 «Техносферная безопасность», профили «Безопасность технологических процессов и производств» и «Защита в чрезвычайных ситуациях» дневной и заочной форм обучения. 
521 8 |a Книга из коллекции ТГТУ - Инженерно-технические науки 
521 8 |a СЭБ 
100 1 |a Пахомов А. Н. 
700 1 |a Гатапова Н. Ц. 
700 1 |a Пахомова Ю. В. 
856 4 |u https://e.lanbook.com/book/320540 
856 4 8 |u https://e.lanbook.com/img/cover/book/320540.jpg 
953 |a https://e.lanbook.com/img/cover/book/320540.jpg 
Cannot write session to /tmp/vufind_sessions/sess_gl1i6k8ruok97vressbdabkp94